000
00320nam a2200145Ia 4500
008
230718s9999 xx 000 0 und d
041
_a
Eng.
082
_a
344
_b
KHA-L
100
_a
Khan A. K
245
0
_a
Labous loves
260
_a
Pakistan
_b
Man Joop law book
_c
2012
300
_a
717
650
_a
Law
999
_c
26915
_d
26915